Prosperidad y crisis: reconstrucción, crecimiento y cambio, 1945-1980

Salvato in:
Dettagli Bibliografici
Autore principale: Wee, Herman van der (Autore)
Natura: Libro
Lingua:spagnolo
Pubblicazione: Barcelona Crítica 1986
Serie:Historia Económica Mundial del Siglo XX, 6
Soggetti:
Tags: Aggiungi Tag
Nessun Tag, puoi essere il primo ad aggiungerne!!

MARC

LEADER 00000nam a2200000 a 4500
001 UCP7645
003 CL-VaPUC
008 991217e19860000SP |||||||||||||||||spa|d
082 0 4 |a 330.904  |b WEE  |2 21 
100 0 |a Wee, Herman van der  |e author  |9 437152 
245 1 0 |a Prosperidad y crisis: reconstrucción, crecimiento y cambio, 1945-1980 
300 |a 680 p 
942 |c BK 
945 |d 19991217 00:00:00  |a crobeson 
260 |a Barcelona  |b Crítica  |c 1986 
650 7 |a ECONOMIA MUNDIAL  |2 CL-VaPUC  |9 437153 
650 7 |a HISTORIA ECONOMICA SIGLO 20  |2 CL-VaPUC  |9 437093 
650 0 |a Crecimiento económico   |9 314037 
650 7 |a ECONOMIA DE POSTGUERRA  |2 CL-VaPUC  |9 437118 
650 7 |a ECONOMIA MIXTA  |2 CL-VaPUC  |9 338440 
650 7 |a SISTEMA MONETARIO INTERNACIONAL  |2 CL-VaPUC  |9 322730 
583 |a last modification  |c 19991217 00:00:00  |k Rodrigo Vera 
490 0 |a Historia Económica Mundial del Siglo XX, 6 
999 |c 284762  |d 284760 
952 |0 0  |1 0  |4 0  |6 330_904000000000000_WEE_1986  |7 0  |8 A  |9 328984  |a BIBHIS  |b BIBHIS  |d 2019-11-20  |i 1373293  |o 330.904 WEE 1986  |p 1373293  |r 2025-01-20  |w 2019-11-20  |y BK  |k HIS 
952 |0 0  |1 0  |4 0  |6 330_904000000000000_WEE_1986  |7 0  |8 A  |9 328985  |a BIBHIS  |b BIBHIS  |d 2019-11-20  |i 1373307  |o 330.904 WEE 1986  |p 1373307  |r 2025-01-20  |w 2019-11-20  |y BK  |k HIS